ATP No. 1s-Sudden Death - Statistics

General Stats
  • This quiz has been taken 62 times
  • The average score is 11 of 29
Answers on the Grid
Answers color-coded by a green-red scale on the quiz's grid according to % correct below.
Rod Laver
Ken Rosewall
Stan Smith
Ilie Nastase
John Newcombe
Jimmy Connors
Arthur Ashe
Bjorn Borg
Guillermo Vilas
Vitas Gerulaitis
John McEnroe
Jose-Luis Clerc
Ivan Lendl
Pat Cash
Mats Wilander
Stefan Edberg
Boris Becker
Michael Stich
Jim Courier
Pete Sampras
Andre Agassi
Thomas Muster
Michael Chang
Marcelo Rios
Petr Korda
Carlos Moya
Yevgeny Kafelnikov
Patrick Rafter
Marat Safin
Gustavo Kuerten
Lleyton Hewitt
Juan Carlos Ferrero
Andy Roddick
Roger Federer
Rafael Nadal
Juan Martin del Potro
Novak Djokovic
Jo-Wilfried Tsonga
Tomas Berdych
David Ferrer
Andy Murray
Gael Monfils
Stan Wawrinka
Stefanos Tsitsipas
Dominic Thiem
Alexander Zverev
Daniil Medvedev
Carlos Alcaraz
Jannik Sinner
 
Answer Stats
Answer % Correct
Novak Djokovic
69%
Andy Murray
63%
Carlos Alcaraz
63%
Rafael Nadal
59%
Roger Federer
59%
Andre Agassi
56%
Jannik Sinner
56%
Pete Sampras
53%
Bjorn Borg
50%
Daniil Medvedev
47%
Ivan Lendl
47%
Boris Becker
44%
John McEnroe
44%
Andy Roddick
38%
Ilie Nastase
38%
Jimmy Connors
38%
Lleyton Hewitt
38%
Jim Courier
34%
John Newcombe
28%
Marat Safin
28%
Stefan Edberg
28%
Gustavo Kuerten
25%
Juan Carlos Ferrero
25%
Mats Wilander
25%
Carlos Moya
22%
Marcelo Rios
22%
Patrick Rafter
19%
Yevgeny Kafelnikov
19%
Thomas Muster
9%
No matching quizzes found
Score Distribution
Percent of People with Each Score
Percentile by Number Answered
Your Score History
You have not taken this quiz